000 01117nam a2200289 i 4500
001 bg
003 BPK
005 20190918085015.0
008 981023s1985 pl a f f |000 0 pol
015 _aPB 1987/3842
040 _aWA N
_cBPK
041 0 _apol
080 _a624.13
080 _a(075.8+076)
245 0 0 _aMechanika gruntów w zadaniach :
_bprzykłady obliczeń i wybrane materiały pomocnicze /
_caut. Adam Bolt [et al. ] ; Politechnika Gdańska.
250 _a[Wyd. 3].
260 _aGdańsk :
_bWydaw. PG,
_c1985.
300 _a284 s., [2] k. tabl. :
_brys., wykr. ;
_c24 cm.
504 _aBibliogr. s. 283-284.
521 _aSkrypt przeznaczony jest dla studentów Wydziału Hydrotechniki i Wydziału Budownictwa Lądowego studiów dziennych i wieczorowych II i III roku.
655 4 _aĆwiczenia i zadania dla szkół wyższych
650 4 _aMechanika gruntów
700 1 _aBolt, Adam.
710 2 _aPolitechnika Gdańska.
_bWydawnictwo.
_4pbl.
856 _uhttp://koha.tu.koszalin.pl/cgi-bin/koha/opac-detail.pl?biblionumber=3624
_yKatalog online BPK
942 _2UKD
_cKS
999 _c3624
_d3624